000 00548cab a22001935a 4500
001 L154682
008 120112e20120107xxk 000 0 eng d
035 _a(Sirsi) u154682
041 0 _aeng
100 1 _aThorne, Chris
245 0 0 _aInvest in better standards
260 _c2012
490 _aEstates Gazette
_v(1201) 7 January 2012, 49(1)
520 _aArgues for the development of a dedicated set of valuation standards for investment property.
590 _aKA
651 4 _aUnited Kingdom
_y
690 _aValuation
_96273
942 _n0
999 _c83704
_d83704